000 01164nam a2200241Ia 4500
999 _c55943
_d55943
001 23042
003 GE_BSU
005 20230616130057.0
008 181216s ||||ge |||||||||||||| ||geo||
020 _a99928-56-07-6
040 _cGE_BSU
041 _ageo
080 _a821.353.1.09(075.8) მ-75
100 _aმიშველაძე, რევაზ
_93537
245 _aუახლესი ქართული ლიტერატურის ისტორია /
_cრევაზ მიშველაძე ; რედ. ავთანდილ ნიკოლეიშვილი.
264 _aთბილისი :
_bთბილ. უნ-ტის გამ-ბა,
_c1998.
300 _a460 გვ. ;
_c20 სმ.
541 _h10 ლ.
653 _aსახელმძღვანელოები უმაღლესი სასწავლებლებისათვის
653 _aუახლესი ქართული ლიტერატურის ისტორია
700 _aნიკოლეიშვილი, ავთანდილ
_eრედაქტორი
_9296
942 _cBK
_2udc